Statistiques concernant Joueurs champions de Swiss League avec le HC La Chaux-de-Fonds en 2023

Cliquez ici pour prendre le quiz!

Statistiques générales

  • Ce quiz a été pris 5 fois
  • Le résultat moyen est 19 sur 30

Statistiques - réponses

HintRéponse% Correct
#71In-Albon
100%
#9Achermann
75%
#91Andersons
75%
#29Andersson
75%
#55Boss
75%
#28Cervino
75%
#53Dubois
75%
#48Eugster
75%
#58Jaquet
75%
#96Lauper
75%
#74Matewa
75%
#13Olden
75%
#22Privet
75%
#89Rüegsegger
75%
#16Voirol
75%
#76Augsburger
50%
#21Bengtsson
50%
#23Carbis
50%
#65Del Ponte
50%
#67Fontana
50%
#72Fuhrer
50%
#90Gehringer
50%
#27Huguenin
50%
#60Oestlund
50%
#95Petrini
50%
#86Schweri
50%
#26Suter
50%
#24Topping
50%
#33Ulmer
50%
#19Wilkins
50%

Distribution des résultats

Percentile par nombre de réponses

% des personnes avec chaque résultat

Votre développement - résultats

Vous n’avez pas pris ce quiz